000 01350nam a2200301 4500
003 AUA.1
005 20130522154807.0
008 eng
035 _a.b15061668
040 _cAUA
050 _aBX6101
_b.N49
099 _aCAR Periodical
222 7 0 _aNorthern Asia-Pacific Division News & Views.
245 1 0 _aNorthern Asia-Pacific Division News & Views.
246 _aNews & Views.
246 7 _aNews and Views.
246 7 _aNews & Views (Northern Asia-Pacific Division)
247 7 _aNews and Views.
247 7 _aNews & Views (Northern Asia-Pacific Division)
260 1 _aSingapore.
_c2011
300 _a31p.:
_bcol. ill.
440 _aNews & Views.
_vSeptember/ October 2011
_936317
500 _aContents: True safety in Jesus; Satellite broadcasts hope to the chinese-speaking world; NSD president visits central Asia; Southern Asia division president visits NSD and KUC; GA mission trip to Mongolia; Two Korean evangelistic teams visit Uganda;
700 _aSukHee Han
_eEditor
_936318
856 _uhttp://www.nsdadventist.org/news/news_2.html
_zNorthern Asia-Pacific Division News and Views (Online)
942 _2lcc
_cPER
_hBX6102
_i.N49 2011
999 _c10160
_d10160